Biología : integración, continuidad y evolución de los seres vivos /

Guardado en:
Autor Principal: Vattuone, Lucy F De
Formato: Libro
Publicado: Buenos Aires : El Ateneo, 1990
Edición:9a. ed.
Etiquetas: Agregar Etiqueta
Sin Etiquetas, Sea el primero en etiquetar este registro!
LEADER 00691nam a22001815a 4500
001 CEM.cems006469
008 130507s1990##################000#0#####d
005 20240410094106.0
245 1 0 |a Biología :  |b integración, continuidad y evolución de los seres vivos / 
250 |a 9a. ed. 
260 |a Buenos Aires :  |b El Ateneo,  |c 1990 
300 |a 389 p. 
100 1 |a Vattuone, Lucy F De 
082 0 4 |a 574 
859 |a CEMS  |b BIB. CEMS - 11 de abril  |h 574  |i V459a9/IV  |p 16196.91  |t Ej.1 
859 |a CEMS  |b BIB. CEMS - Agricultura  |h 574  |i V459a9/IV  |p A16197.91  |t Ej.2 
859 |a CEMS  |b BIB. CEMS - 11 de abril  |h 574  |i V459a9/IV  |p 16198.91  |t Ej.3 
859 |a CEMS  |b BIB. CEMS - Agricultura  |h 574  |i V459a9/IV  |p A16291.91  |t Ej.4